Lana Del Rey - Living Legend Lyrics - Statistics

General Stats
  • This quiz has been taken 150 times
  • The average score is 179 of 223
Answer Stats
Answer % Correct
legend
99%
living
99%
you
99%
You
99%
my
98%
My
98%
a
96%
I
91%
the
91%
And
89%
and
89%
are
89%
do
89%
me
88%
thing
88%
all
87%
to
87%
baby
86%
things
86%
move
82%
said
82%
Heaven
81%
never
81%
ways
81%
in
79%
In
79%
really
79%
straight
79%
what
79%
be
76%
I'm
76%
oh
76%
Oh
76%
you're
76%
but
75%
But
75%
that
75%
send
74%
will
73%
Hell
69%
on
69%
just
68%
know
68%
same
68%
As
67%
it
67%
of
67%
sing
67%
between
66%
don't
66%
got
66%
too
66%
summertime
65%
is
64%
meant
64%
or
64%
Right
64%
was
64%
key
62%
like
62%
About
60%
about
60%
Blackbirds
60%
edge
60%
horses
60%
guns
58%
Guns
58%
tired
58%
name
56%
play
56%
sweet
56%
bought
55%
bad
53%
cared
53%
she
53%
darling
51%
'Cause
49%
dream
49%
knows
49%
Jane
48%
shoes
48%
Brooklyn
46%
defy
46%
Hipsters
46%
songs
44%
them
44%
back
42%
monsoon
42%
unwell
40%
bayou
33%
Hm
28%
Sin-é
24%
No matching quizzes found
Score Distribution
Percent of People with Each Score
Percentile by Number Answered
Your Score History
You have not taken this quiz